000
00180 a2200097 4500
001
41471
100
_a
245
_a
Quran
260
_a
Lahore
_b
Taj Cp
_c
090
_c
25635
_d
25635
942
_a
NUST-CAE
_c
m
_c
17375
999
_c
276544
_d
276544